000
00486nam a2200181Ia 4500
008
090124s9999 xx 000 0 und d
082
_b
120808
100
_a
तिबिले अनंत.
245
_a
प्रतिशोध
250
_a
1
260
_c
1985
300
_a
192
600
_a
तिबिले अनंत.
630
_a
प्रतिशोध
700
_a
तिबिले अनंत.
730
_a
प्रतिशोध
942
_c
BOOK
999
_c
166894
_d
166894